Normal view
MARC view
Entry Personal Name
001 - CONTROL NUMBER
- control field: 11209
003 - CONTROL NUMBER IDENTIFIER
- control field: BD-RjUL
005 - DATE AND TIME OF LATEST TRANSACTION
- control field: 20240129103628.0
008 - FIXED-LENGTH DATA ELEMENTS
- fixed length control field: 240129|| aca||aabn | a|a d
040 ## - CATALOGING SOURCE
- Original cataloging agency: BD-RjUL
- Transcribing agency: BD-RjUL
100 ## - HEADING--PERSONAL NAME
- Personal name: মমিন, কে. এম. আব্দুল
670 ## - SOURCE DATA FOUND
- Source citation: Work cat.: (BD-RjUL)82830: মমিন, কে. এম. আব্দুল, প্রসিদ্ধ ধর্মগ্রন্থসমূহে আখিরাত :, ২০০৯